Hogwarts Legacy - QCM - Statistiques

Statistiques générales
  • Ce quiz a été pris 332 fois
  • Le résultat moyen est 8 sur 10
Statistiques - réponses
Question Réponse % Correct
Quelle est la spécialité de votre personnage ? Il peut voir des traces de magie ancienne
98%
Qui est professeur ?
97%
En quelle année entrez vous ? 5ème année
96%
Quelle image correspond à « Repulso » ?
93%
Quel est le nom du gobelin rebelle ? Rannrok
84%
Quel endroit se trouve dans la carte ? Feldcroft
83%
Lequel de ces sorts n’est pas disponible ? Reducto
80%
Qui n’est pas un gardien ? Victor Rookwood
80%
Quel est le premier personnage qui meurt dans le jeu ? George Osric
68%
Lequel de ces personnages est présent dans le jeu et dans les films Harry Potter ? Nick-Quasi-Sans-Tête
60%
Aucun quiz correspondant
Distribution des résultats
% des personnes avec chaque résultat
Percentile par nombre de réponses
Votre historique - résultats
Vous n’avez pas pris ce quiz